000 01350cam a22002174a 4500
005 20250605164109.0
008 250528s ||||||||||||||||||||||||d
035 _a17827
020 _a9789602502198
040 _aGR-AtMCL
_bgre
_dGR-AtMCL
_eAACR2
245 1 _aΓραμματική των Πολιτισμών / 9η Ανατύπωση
250 _a
260 _bΜορφωτικό Ίδρυμα Εθνικής Τραπέζης,
_c2017
300 _a792
505 0 _aΑντί Προλόγου, Εισαγωγή, Γραμματική των Πολιτισμών, Οι Μη Ευρωπαϊκοί Πολιτισμοί, Το Ισλάμ και ο Μουσουλμανικός Κόσμος, Η Μαύρη Ήπειρος, Η Άπω Ανατολή, Οι Ευρώπαϊκοί Πολιτισμοί, Η Ευρώπη, Η Αμερική, Η Άλλη Ευρώπη.
520 _aΑντί Προλόγου, Εισαγωγή, Γραμματική των Πολιτισμών, Οι Μη Ευρωπαϊκοί Πολιτισμοί, Το Ισλάμ και ο Μουσουλμανικός Κόσμος, Η Μαύρη Ήπειρος, Η Άπω Ανατολή, Οι Ευρώπαϊκοί Πολιτισμοί, Η Ευρώπη, Η Αμερική, Η Άλλη Ευρώπη.
700 1 _aBraudel Fernand
_92568
942 _cBK
999 _c3227
_d3227